| 000 | 00424nam a22001697a 4500 | ||
|---|---|---|---|
| 003 | CEME | ||
| 005 | 20210628203253.0 | ||
| 008 | 210127b xxu||||| |||| 00| 0 eng d | ||
| 040 | _c. | ||
| 082 | _a954.91 AZI | ||
| 100 |
_aAziz, K.K _99912 |
||
| 245 | _aThe making of pakistan;a study in nationalism | ||
| 260 |
_aLAHORE _bSANG-E-MEEL _c1998 |
||
| 300 | _a223P | ||
| 650 |
_aMAKING OF PAKISTAN _964414 |
||
| 942 |
_cBK _2ddc |
||
| 999 |
_c572911 _d572911 |
||